[Event "9th Beirut Open 2017"]
[Site "Beirut"]
[Date "2017.10.02"]
[Round "4"]
[White "Djikerian, Rafi"]
[Black "El Jawich, Amro"]
[Result "0-1"]
[WhiteElo "1835"]
[BlackElo "2230"]
[Annotator "TA"]
[PlyCount "68"]
[EventDate "2017.??.??"]
[EventCountry "LBN"]
[SourceTitle "playchess.com"]
[Source "ChessBase"]
[SourceQuality "1"]

{[%evp 16,68,27,-5,12,3,10,8,29,-3,16,-50,-27,-44,-40,-73,-49,-97,-80,-81,-65,-98,-100,-167,-39,-379,-373,-367,-383,-390,-383,-468,-422,-550,-562,-569,-556,-549,-515,-593,-568,-761,-741,-732,-725,-856,-549,-770,-774,-814,-791,-779,-749,-991,-947]} 1. d4 Nf6 2. g3 g6 3. Bg2 Bg7 4. e4 d6 5. Nc3 O-O 6. Nf3 Nbd7 7. O-O e5 8. dxe5 dxe5 9. Bg5 {LiveBook: 3 Games. B07: Pirc Defence: Miscellaneous Systems} (9. Be3 Qe7 10. Nd5 Nxd5 11. Qxd5 Re8 12. Nd2 Nf6 13. Qc5 Qxc5 14. Bxc5 b6 15. Bb4 a5 16. Bc3 Nd7 {0-1 (63) Slipak,S (2456)-Perez Ponsa,F (2577) Buenos Aires 2016}) 9... h6 10. Be3 c6 11. Qe2 {The position is equal.} b5 $146 ({Predecessor:} 11... Qe7 12. Rab1 Ng4 13. Bd2 f5 14. h3 Ngf6 15. Nh4 Qd6 16. exf5 e4 17. Nxg6 Ne5 18. Nxf8 Bxf5 19. Bf4 Rxf8 20. Kh2 Nd5 21. Nxe4 Bxe4 22. Bxe5 Bxe5 23. Qxe4 {1-0 (23) Varho,I (1931)-Ruell,M (1749) Bad Homburg 2015}) 12. Rad1 {[#] Hoping for Nxe5!} Qc7 13. Nh4 (13. Ne1 $11) 13... a5 14. Qd2 Ng4 15. Rfe1 Nxe3 16. Rxe3 Nb6 $36 {[%mdl 2048] And now ...b4 would win. White is under strong pressure.} 17. b3 b4 18. Ne2 Ba6 19. Qd6 (19. Qe1 $17 {is a better defense.}) 19... Qc8 (19... Qxd6 $19 20. Rxd6 Rfd8 21. Rxc6 Rd1+ 22. Bf1 Nd7) 20. c4 $2 {[%mdl 8192] [#]} (20. Nc1 $15) 20... Rd8 $19 21. Qxd8+ Qxd8 22. Rxd8+ Rxd8 23. Bh3 Bf8 {Black is clearly winning.} 24. Kg2 {Now Nc1 and White clings on.} Bc5 25. Rf3 Kg7 26. Nc1 Rd2 27. Nd3 Bd4 28. Kg1 Rxa2 29. Bf1 Ra1 30. Ng2 Bc8 31. Nde1 Bh3 32. Nc2 Rc1 33. Nge1 Bg4 34. Nxd4 Rxe1 {Precision: White = 21%, Black = 46%.} 0-1

[Event "9th Beirut Open 2017"]
[Site "Beirut"]
[Date "2017.10.02"]
[Round "4"]
[White "Khairallah, Ralph"]
[Black "Koniahli, Malek"]
[Result "0-1"]
[WhiteElo "1814"]
[BlackElo "2086"]
[Annotator "NA RC"]
[PlyCount "82"]
[EventDate "2017.??.??"]
[EventCountry "LBN"]
[SourceTitle "playchess.com"]
[Source "ChessBase"]
[SourceQuality "1"]
[TimeControl "5400+30"]

1. e4 g6 2. d4 Bg7 3. Nc3 d6 4. Bg5 c6 5. Qd2 h6 6. Bh4 b5 7. f4 Bb7 8. Nf3 Nf6 9. Bd3 b4 10. Ne2 a5 11. e5 Nd5 12. e6 Bc8 13. exf7+ Kxf7 14. c4 bxc3 15. bxc3 Bf5 16. h3 Qc8 17. O-O Qe6 18. Bxf5 gxf5 19. Rfe1 Nf6 20. Bxf6 Bxf6 21. Ng3 Qd7 22. Nh5 Na6 23. Qd3 Nc7 24. Nxf6 Kxf6 25. c4 e6 26. Qc3 Kf7 27. c5 Nd5 28. Qc1 Rhg8 29. cxd6 Qxd6 30. Ne5+ Kf6 31. Rf1 Rg3 32. Qxc6 Qxc6 33. Nxc6 Rag8 34. Rf2 Ne3 35. Nxa5 Rxg2+ 36. Rxg2 Rxg2+ 37. Kh1 Rc2 38. Nb3 Rb2 39. Nc5 Nc2 40. Nd3 Rb6 41. a4 Nxa1 0-1

[Event "9th Beirut Open 2017"]
[Site "Beirut"]
[Date "2017.10.02"]
[Round "4"]
[White "Hanna, Elie"]
[Black "Khader, Aram"]
[Result "0-1"]
[WhiteElo "1778"]
[BlackElo "2101"]
[Annotator "TA"]
[PlyCount "66"]
[EventDate "2017.??.??"]
[EventCountry "LBN"]
[SourceTitle "playchess.com"]
[Source "ChessBase"]
[SourceQuality "1"]

{[%evp 12,66,-11,-11,-20,-27,-29,-25,-16,-66,-35,-61,-43,-56,-20,-24,-20,-18,-16,-15,-6,-49,-53,-50,-32,-50,-50,-133,-71,-93,-91,-95,-97,-206,-119,-263,-267,-331,-328,-333,-322,-758,-753,-1290,-1290,-1203,-1187,-1086,-714,-997,-776,-649,-449,-427,-382,-1623,-1595]} 1. b3 d5 2. Bb2 Bf5 3. e3 Nd7 (3... e6 4. Nf3 Nf6 5. Be2 h6 6. O-O Bd6 7. c4 O-O 8. Nc3 c6 9. d3 Qe7 10. a3 Nbd7 11. b4 Rad8 12. Qb3 a6 13. Rad1 Rfe8 14. Rfe1 {1-0 (58) Vachier Lagrave,M (2796)-So,W (2812) Leuven 2017}) 4. Nf3 e6 5. Be2 h6 6. d3 {A01: Nimzowitsch-Larsen Opening} Ngf6 7. Nbd2 {LiveBook: 3 Games} c6 8. Ne5 {The position is equal.} Nxe5 9. Bxe5 Bd6 10. f4 Bxe5 $146 ({Predecessor:} 10... Bc5 11. d4 Bb4 12. Bxf6 Qxf6 {½-½ (68) Azaladze,S-Voskanian,G Tbilisi 2002}) 11. fxe5 Nd7 12. Nf3 $1 c5 13. d4 Qc7 $36 {[%mdl 2048] Black has some pressure.} 14. c4 dxc4 15. bxc4 Rd8 16. Qa4 O-O 17. O-O Be4 18. Rfd1 b6 19. Rac1 {[#]} (19. Qb3 $15) 19... Nb8 (19... f6 $142 $1 {[%cal Rf6e5]} 20. exf6 Nxf6) 20. Qb3 Nc6 21. Qc3 Rd7 22. Rd2 (22. dxc5 $17 Rxd1+ 23. Rxd1) 22... Rfd8 ({Better is} 22... Bxf3 $19 23. Bxf3 cxd4 24. exd4 {[#]} Nxd4 $1 {[%mdl 512]} 25. Rxd4 Qc5) 23. Rcd1 (23. dxc5 $17 {was the only defense.} bxc5 24. Rcd1) 23... Bxf3 $19 24. gxf3 cxd4 25. exd4 {[#]} Nxd4 $1 {[%mdl 512]} 26. Kf2 $2 ({Of course not} 26. Rxd4 Qc5 $19) (26. Qe3) 26... Qxe5 27. Bf1 Qxh2+ 28. Bg2 Qh4+ 29. Kf1 e5 30. c5 bxc5 31. Qxc5 Ne6 32. Rxd7 Rxd7 33. Rxd7 $2 (33. Qc8+ Rd8 34. Rxd8+ Nxd8 35. Qc5) 33... Nxc5 {Precision: White = 22%, Black = 73%.} 0-1

[Event "9th Beirut Open 2017"]
[Site "Beirut"]
[Date "2017.10.02"]
[Round "4"]
[White "Ghnatios, Ralph"]
[Black "Shamieh, Jamal"]
[Result "1-0"]
[WhiteElo "1764"]
[BlackElo "2046"]
[Annotator "NA RC"]
[PlyCount "69"]
[EventDate "2017.??.??"]
[EventCountry "LBN"]
[SourceTitle "playchess.com"]
[Source "ChessBase"]
[SourceQuality "1"]
[TimeControl "5400+30"]

1. e4 d5 2. exd5 Qxd5 3. d4 Nf6 4. Nf3 g6 5. c4 Qd8 6. Nc3 Bg7 7. Bf4 O-O 8. Bd3 c6 9. O-O Nbd7 10. Re1 Re8 11. Qd2 Nf8 12. d5 cxd5 13. cxd5 Nxd5 14. Bb5 Nxf4 15. Bxe8 Qxd2 16. Nxd2 Be6 17. Bb5 Rd8 18. Nde4 a6 19. Bf1 Bf5 20. Nc5 Rd2 21. g3 Rxb2 22. N5a4 Rc2 23. Rac1 N4e6 24. Rxc2 Bxc2 25. Rc1 Nd4 26. Nc5 Bh6 27. f4 e5 28. Ne2 Bf5 29. Nxd4 exd4 30. Nxb7 Ne6 31. Nd6 Bg4 32. Rc8+ Bf8 33. Ne8 Bf3 34. Bxa6 Bd5 35. Nf6+ 1-0

[Event "9th Beirut Open 2017"]
[Site "Beirut"]
[Date "2017.10.02"]
[Round "4"]
[White "Abdo, Moussa"]
[Black "Lakhoyan, Hrag"]
[Result "1/2-1/2"]
[WhiteElo "1753"]
[BlackElo "1582"]
[Annotator "NA RC"]
[PlyCount "36"]
[EventDate "2017.??.??"]
[EventCountry "LBN"]
[SourceTitle "playchess.com"]
[Source "ChessBase"]
[SourceQuality "1"]
[TimeControl "5400+30"]

1. e4 c6 2. d4 d5 3. Nc3 g6 4. exd5 cxd5 5. Bb5+ Bd7 6. Qe2 Nf6 7. Nf3 Bxb5 8. Qxb5+ Qd7 9. Ne5 Qxb5 10. Nxb5 Na6 11. Nc3 Bg7 12. Be3 O-O 13. O-O Nb4 14. Rac1 Na6 15. Rcd1 Nb4 16. Rc1 Na6 17. Rcd1 Nb4 18. Rc1 Na6 1/2-1/2

[Event "9th Beirut Open 2017"]
[Site "Beirut"]
[Date "2017.10.02"]
[Round "4"]
[White "Ward, Serge"]
[Black "Moudallal, Tarek"]
[Result "1-0"]
[WhiteElo "1730"]
[BlackElo "2062"]
[Annotator "NA RC"]
[PlyCount "59"]
[EventDate "2017.??.??"]
[EventCountry "LBN"]
[SourceTitle "playchess.com"]
[Source "ChessBase"]
[SourceQuality "1"]
[TimeControl "5400+30"]

1. e4 c5 2. Nf3 g6 3. d4 cxd4 4. Qxd4 Nf6 5. Nc3 Bg7 6. e5 Nc6 7. Qa4 Ng8 8. Bf4 Nh6 9. h3 O-O 10. O-O-O a6 11. Kb1 b6 12. Be2 Bb7 13. Rd2 b5 14. Qe4 Qc8 15. Qd3 Nb8 16. Nd5 Bxd5 17. Qxd5 Ra7 18. g4 Rc7 19. Qb3 Nc6 20. Qe3 Rd8 21. Bxh6 Bh8 22. Bf4 e6 23. Bg5 Re8 24. Bf6 Qb7 25. Rhd1 d5 26. Qh6 Nxe5 27. Bxh8 Kxh8 28. Nxe5 Rec8 29. g5 Rc5 30. Ng4 1-0

[Event "9th Beirut Open 2017"]
[Site "Beirut"]
[Date "2017.10.02"]
[Round "4"]
[White "Bedrosian, Danielle"]
[Black "Abchee, Alexandre"]
[Result "1-0"]
[WhiteElo "1696"]
[BlackElo "1292"]
[Annotator "NA RC"]
[PlyCount "23"]
[EventDate "2017.??.??"]
[EventCountry "LBN"]
[SourceTitle "playchess.com"]
[Source "ChessBase"]
[SourceQuality "1"]
[TimeControl "5400+30"]

1. c4 c6 2. g3 d5 3. Bg2 Nf6 4. Nf3 Bg4 5. cxd5 cxd5 6. Ne5 e6 7. Nxg4 Nxg4 8. Qa4+ Nc6 9. Qxg4 Qb6 10. O-O Nd4 11. Nc3 Nc2 12. Qa4+ 1-0

[Event "9th Beirut Open 2017"]
[Site "Beirut"]
[Date "2017.10.02"]
[Round "4"]
[White "Saeed, Riad"]
[Black "Altorky, Amer"]
[Result "0-1"]
[WhiteElo "1685"]
[BlackElo "1940"]
[Annotator "NA RC"]
[PlyCount "74"]
[EventDate "2017.??.??"]
[EventCountry "LBN"]
[SourceTitle "playchess.com"]
[Source "ChessBase"]
[SourceQuality "1"]
[TimeControl "5400+30"]

1. e4 c5 2. Nf3 a6 3. d4 cxd4 4. Nxd4 Nf6 5. Nc3 e5 6. Nf3 Nc6 7. Bd3 Bc5 8. O-O h6 9. Nd5 d6 10. h3 O-O 11. a3 Nxd5 12. exd5 Ne7 13. b4 Ba7 14. c4 f5 15. Bc2 Ng6 16. Be3 e4 17. Nh2 Bxe3 18. fxe3 b6 19. Qd4 Bd7 20. Bb3 Rc8 21. Rac1 Ne5 22. Rc2 a5 23. c5 a4 24. Ba2 Bb5 25. Rd1 Bd3 26. Rc3 bxc5 27. bxc5 Kh7 28. c6 Qg5 29. Rd2 f4 30. Rdxd3 exd3 31. Bb1 fxe3 32. Bxd3+ Nxd3 33. Qxd3+ Qf5 34. Qxe3 Qb1+ 35. Nf1 Rxf1+ 36. Kh2 Rh1+ 37. Kg3 Qg6+ 0-1

[Event "9th Beirut Open 2017"]
[Site "Beirut"]
[Date "2017.10.02"]
[Round "4"]
[White "Farhat, Jawad"]
[Black "Wafa, Shahenda"]
[Result "0-1"]
[WhiteElo "1592"]
[BlackElo "2150"]
[Annotator "RC"]
[PlyCount "138"]
[EventDate "2017.??.??"]
[EventCountry "LBN"]
[SourceTitle "playchess.com"]
[Source "ChessBase"]
[SourceQuality "1"]
[TimeControl "5400+30"]

1. d4 Nf6 2. Nf3 g6 3. Bf4 Bg7 4. e3 O-O 5. Bd3 d6 6. h3 c6 7. O-O Nbd7 8. c3 Qc7 9. Qc2 e5 10. Bh2 Re8 11. Nbd2 c5 12. dxe5 dxe5 13. e4 Nh5 14. Rad1 Nf8 15. Bc4 Ne6 16. Nb3 Nhf4 17. Rd2 a6 18. Rfd1 Rb8 19. Bxe6 Nxe6 20. Rd5 c4 21. Nc1 Nf4 22. Bxf4 exf4 23. Ne2 Be6 24. R5d2 b5 25. Nfd4 Bc8 26. f3 a5 27. Rb1 b4 28. Qd1 Be5 29. Kf1 Qb6 30. Rc1 Ba6 31. Ke1 Rbd8 32. Kf1 Rd6 33. Rb1 Red8 34. Rc1 Qc5 35. Ke1 Bc8 36. Qc2 bxc3 37. bxc3 f5 38. Rb1 fxe4 39. Rb5 Qxb5 40. Nxb5 Rxd2 41. Qxe4 R2d5 42. Qxc4 Be6 43. Kf2 Bf7 44. Qc6 Rd2 45. a4 Ra2 46. Nbd4 Bxd4+ 47. cxd4 Rb8 48. d5 Rbb2 49. Qc8+ Kg7 50. Qc3+ Kh6 51. Qd4 Rxe2+ 52. Kg1 Rxg2+ 53. Kf1 Rgb2 54. Qxf4+ Kg7 55. Qd4+ Kg8 56. Qd1 Rd2 57. Qb1 Bxd5 58. Qb8+ Kf7 59. Qc7+ Ke6 60. Qc8+ Ke5 61. Qh8+ Kf4 62. Qf6+ Ke3 63. Qg5+ Kxf3 64. Qg4+ Ke3 65. Qg5+ Kd4 66. Qf6+ Kd3 67. Qa6+ Kc3 68. Qxa5+ Kd4 69. Qb6+ Ke4 0-1

[Event "9th Beirut Open 2017"]
[Site "Beirut"]
[Date "2017.10.02"]
[Round "4"]
[White "Edelby, Ahmad"]
[Black "Terzian, Kevork"]
[Result "0-1"]
[WhiteElo "1531"]
[BlackElo "1693"]
[Annotator "NA RC"]
[PlyCount "53"]
[EventDate "2017.??.??"]
[EventCountry "LBN"]
[SourceTitle "playchess.com"]
[Source "ChessBase"]
[SourceQuality "1"]
[TimeControl "5400+30"]

1. b3 d6 2. Bb2 e5 3. e3 Nd7 4. d4 Ngf6 5. dxe5 dxe5 6. Bd3 g6 7. Nd2 Bg7 8. Qe2 O-O 9. O-O-O Re8 10. f3 c6 11. g4 Nc5 12. Nc4 Qc7 13. h4 b5 14. Na3 Nxd3+ 15. Qxd3 Nd5 16. Nxb5 cxb5 17. Qxd5 Ba6 18. Qd7 Qa5 19. a3 Red8 20. Qc6 Rxd1+ 21. Kxd1 Rd8+ 22. Ke2 Rc8 23. Qe4 b4+ 24. Kf2 bxa3 25. b4 axb2 26. bxa5 b1=Q 27. Kg3 0-1

[Event "9th Beirut Open 2017"]
[Site "Beirut"]
[Date "2017.10.02"]
[Round "4"]
[White "Khallouf, Abdallah"]
[Black "Novikova, Margarita"]
[Result "0-1"]
[WhiteElo "1530"]
[BlackElo "2004"]
[Annotator "NA RC"]
[PlyCount "58"]
[EventDate "2017.??.??"]
[EventCountry "LBN"]
[SourceTitle "playchess.com"]
[Source "ChessBase"]
[SourceQuality "1"]
[TimeControl "5400+30"]

1. c4 Nf6 2. g3 c5 3. Bg2 Nc6 4. Nc3 g6 5. e3 Bg7 6. Nge2 Ne5 7. d3 d6 8. d4 Nc6 9. O-O O-O 10. h3 e5 11. d5 Ne7 12. e4 Ne8 13. Be3 f5 14. f4 fxe4 15. Nxe4 Nf5 16. Bf2 Nd4 17. Bxd4 exd4 18. Qd2 a5 19. Rae1 h6 20. Nc1 a4 21. Nd3 b5 22. b3 axb3 23. axb3 Ra3 24. Qb2 Ra8 25. Nd2 Bf5 26. Rf3 Qa5 27. cxb5 Qxb5 28. Nc4 Rb8 29. g4 Bxd3 0-1

[Event "9th Beirut Open 2017"]
[Site "Beirut"]
[Date "2017.10.02"]
[Round "4"]
[White "El Saleh, Riham"]
[Black "Noah, A  H  Al-Ali"]
[Result "1-0"]
[WhiteElo "1466"]
[BlackElo "2299"]
[Annotator "TA"]
[PlyCount "145"]
[EventDate "2017.??.??"]
[EventCountry "LBN"]
[SourceTitle "playchess.com"]
[Source "ChessBase"]
[SourceQuality "1"]

{[%evp 12,144,31,20,26,6,6,0,30,7,23,23,36,27,241,235,241,232,291,236,259,230,447,416,445,164,177,163,213,25,27,22,31,0,0,-52,-52,-51,18,20,60,-68,-64,-64,-69,-72,-79,-79,-66,-79,-78,-79,0,0,0,-96,11,14,443,443,443,442,420,413,592,591,587,578,600,619,611,600,1096,1064,1031,1005,993,1010,1309,1254,1118,1014,5097,5189,29971,29973,29977,29978,29978,29979,29978,29980,29981,29982,29982,29983,29983,29984,29984,29985,29985,29983,29984,29984,29983,29984,29984,29984,29984,29985,29986,29985,29986,29987,29990,29991,29991,29988,29993,29993,29994,29992,29995,29995,29996,29995,29995,29996,29996,29996,29996,29997,29998,29999,29999]} 1. d4 d5 2. c4 e6 3. Nc3 Nf6 4. Bg5 Be7 5. e3 a6 6. cxd5 {D53: Queen's Gambit Declined: 4 Bg5 Be7: Early deviations} exd5 7. Bd3 {LiveBook: 3 Games} h6 (7... c6 8. Qc2 Nbd7 9. Nf3 O-O 10. h3 Re8 11. O-O-O Nf8 12. g4 Be6 13. Kb1 Rc8 14. Rhg1 b5 15. Ne2 Ne4 16. Bxe7 Qxe7 17. Nf4 c5 18. dxc5 Rxc5 19. Qe2 Ng6 20. Nh5 Rec8 21. Nd4 Ne5 {0-1 (39) Rajkovic,D (2486)-Miladinovic,I (2571) Kragujevac 2009}) 8. Bxf6 {White has an edge.} (8. Bf4 {seems wilder.} O-O 9. Rc1 Re8 10. Nf3 Bd6 11. Be5) 8... Bxf6 9. Qc2 $146 ({Predecessor:} 9. Qa4+ Nc6 10. Qb3 Ne7 11. Nge2 O-O 12. O-O c6 13. Na4 Re8 14. Nb6 {0-1 (38) Hartai,Z (1611)-Zahonyi,A (1745) Hungary 2002}) 9... Be6 10. Nf3 Nc6 11. a3 Qd7 12. O-O O-O-O $2 {[#]} (12... O-O $11) 13. b4 $18 Na7 14. Rfb1 c6 15. b5 cxb5 16. Nxb5+ Nc6 $2 (16... Kb8) 17. Na7+ Kc7 {[#]} 18. Rb2 $2 (18. Bxa6 $1 {[%mdl 512]} bxa6 19. Rc1) 18... Ra8 19. Nxc6 Qxc6 20. Qxc6+ $2 (20. Qd2 $18 Qd6 21. e4 dxe4 22. Bxe4) 20... bxc6 $11 {[%cal Bb7c6,Bc6c5,Bc5c4][%mdl 32]} 21. Rab1 Bc8 22. Nd2 c5 23. Nf3 (23. Bf1 $11) 23... c4 $15 24. Bc2 Bd7 (24... Re8 $15) 25. Rb7+ $11 Kd8 26. Rb8+ (26. Ne5 $14 Bxe5 27. dxe5) 26... Rxb8 $15 27. Rxb8+ Bc8 28. Kf1 Kc7 29. Rb1 Re8 30. h3 Be7 31. a4 Bd7 ({Black should play} 31... Be6 $17) 32. Ne5 $11 Be6 33. e4 (33. a5 $11) 33... dxe4 (33... Bd6 $17 {aiming for ...Bxe5.} 34. Ng4 dxe4) 34. Bxe4 {Hoping for Rb7+.} Rb8 $2 {[%mdl 8192]} (34... Bd6 $11 {and Black has nothing to worry.}) 35. Rxb8 $18 Kxb8 {[%mdl 4096] Endgame KBB-KBN} 36. Nc6+ Kc7 37. Nxe7 Kb6 (37... Kd6 {was called for.} 38. Nf5+ Bxf5 39. Bxf5 Kd5) 38. d5 Bd7 39. Nc6 f5 40. Bf3 g5 41. Ke2 g4 42. hxg4 fxg4 43. Be4 Kc5 44. Kd2 h5 45. f4 gxf3 46. gxf3 h4 47. f4 {[%cal Bf3f4,Bf4f5,Bf5f6][%mdl 32]} h3 48. f5 {White mates.} h2 49. f6 Be8 50. Kc3 Bg6 51. Bh1 Bf7 52. Ne5 Bxd5 53. f7 Bxf7 54. Nxf7 Kb6 55. Kxc4 Ka5 56. Kb3 Kb6 57. Ne5 Kc5 58. Ng4 Kb6 59. Nxh2 Kc5 60. Nf3 Kb6 61. Kb4 Kc6 62. Ka5 Kb7 63. Nd4+ Kc7 64. Kxa6 Kb8 65. Kb6 Kc8 66. a5 Kb8 67. a6 Kc8 68. a7 Kd8 69. a8=Q+ Ke7 70. Qa5 Kf6 71. Qf5+ Ke7 72. Bc6 Kd8 73. Qd7# {Precision: White = 60%, Black = 26%.} 1-0

[Event "9th Beirut Open 2017"]
[Site "Beirut"]
[Date "2017.10.02"]
[Round "4"]
[White "Fakhoury, Dory"]
[Black "Zeidan, Mohammad"]
[Result "1-0"]
[WhiteElo "1402"]
[BlackElo "1988"]
[Annotator "NA RC"]
[PlyCount "65"]
[EventDate "2017.??.??"]
[EventCountry "LBN"]
[SourceTitle "playchess.com"]
[Source "ChessBase"]
[SourceQuality "1"]
[TimeControl "5400+30"]

1. e4 d6 2. Bc4 Nf6 3. Nc3 c6 4. d4 Nbd7 5. Nf3 Nb6 6. Bd3 Bg4 7. O-O e5 8. Be3 Be7 9. h3 Bxf3 10. Qxf3 O-O 11. Rad1 Qc7 12. Be2 Kh8 13. Qg3 Nfd7 14. f4 Bf6 15. a4 Rfe8 16. a5 Nc8 17. Bg4 exd4 18. Bxd4 Bxd4+ 19. Rxd4 Nf6 20. Bxc8 Rexc8 21. Qd3 Qxa5 22. Rxd6 Rd8 23. Rd1 Re8 24. e5 Ng8 25. Ne4 h6 26. Rd7 Re7 27. Rxe7 Nxe7 28. Qd6 Ng6 29. f5 Re8 30. fxg6 fxg6 31. Qxg6 Rxe5 32. Rd7 Rg5 33. Qe8+ 1-0

[Event "9th Beirut Open 2017"]
[Site "Beirut"]
[Date "2017.10.02"]
[Round "4"]
[White "Arcadan, Adib"]
[Black "Habash, Mohamad"]
[Result "1/2-1/2"]
[WhiteElo "1346"]
[BlackElo "1834"]
[Annotator "NA RC"]
[PlyCount "69"]
[EventDate "2017.??.??"]
[EventCountry "LBN"]
[SourceTitle "playchess.com"]
[Source "ChessBase"]
[SourceQuality "1"]
[TimeControl "5400+30"]

1. d4 d5 2. c4 Nf6 3. Nf3 e6 4. Bg5 Be7 5. e3 O-O 6. Bd3 Nbd7 7. Nbd2 c5 8. O-O h6 9. Bh4 b6 10. b3 Bb7 11. h3 g5 12. Bg3 Ne4 13. Bxe4 dxe4 14. Ne5 Nxe5 15. Bxe5 f6 16. Bg3 cxd4 17. Qg4 f5 18. Qh5 Kg7 19. Rad1 d3 20. f3 Qe8 21. Qxe8 Raxe8 22. fxe4 fxe4 23. Be5+ Bf6 24. Rxf6 Rxf6 25. Rf1 Ref8 26. Rxf6 Rxf6 27. Kh2 Kg6 28. Bxf6 Kxf6 29. g4 Ke5 30. Kg3 Kd6 31. b4 a5 32. a3 Bc6 33. Kf2 Ke5 34. Ke1 axb4 35. axb4 1/2-1/2

[Event "9th Beirut Open 2017"]
[Site "Beirut"]
[Date "2017.10.02"]
[Round "4"]
[White "El Jawich, Muhammad"]
[Black "Moughames, Ronald"]
[Result "0-1"]
[WhiteElo "1245"]
[BlackElo "1769"]
[Annotator "NA RC"]
[PlyCount "56"]
[EventDate "2017.??.??"]
[EventCountry "LBN"]
[SourceTitle "playchess.com"]
[Source "ChessBase"]
[SourceQuality "1"]
[TimeControl "5400+30"]

1. e4 c5 2. Nf3 Nc6 3. d4 cxd4 4. Nxd4 g6 5. Nc3 Bg7 6. Be3 Nf6 7. Bc4 O-O 8. Bb3 d6 9. f3 a6 10. Qd2 Nxd4 11. Bxd4 Bd7 12. h4 h5 13. O-O-O b5 14. a3 a5 15. Ne2 Qb8 16. Be3 b4 17. a4 Qe8 18. Nf4 Kh7 19. g4 Bxa4 20. gxh5 Nxh5 21. Nxh5 gxh5 22. Rhg1 Bf6 23. Qd5 Be5 24. f4 e6 25. Qd3 Bb5 26. Qd2 a4 27. fxe5 axb3 28. Kb1 Ra1+ 0-1

[Event "9th Beirut Open 2017"]
[Site "Beirut"]
[Date "2017.10.03"]
[Round "5"]
[White "Volkov, Sergey"]
[Black "Demchenko, Anton"]
[Result "1/2-1/2"]
[WhiteElo "2638"]
[BlackElo "2649"]
[Annotator "TA"]
[PlyCount "76"]
[EventDate "2017.??.??"]
[EventCountry "LBN"]
[SourceTitle "playchess.com"]
[Source "ChessBase"]
[SourceQuality "1"]

{[%evp 25,76,88,89,92,98,75,88,66,77,52,62,42,46,41,56,39,60,28,33,22,33,-29,0,-52,0,-152,-135,-292,-308,-408,-278,-318,-324,-300,-282,-281,-65,-72,-72,-60,-79,-63,-32,-38,-37,-37,-20,-20,-19,-20,-13,-13,-3]} 1. d4 Nf6 2. c4 g6 3. Nc3 Bg7 4. e4 O-O 5. Nf3 d6 6. Be2 e5 7. Be3 c6 8. d5 Na6 9. O-O Ng4 10. Bg5 f6 11. Bh4 c5 12. a3 Qe7 {E94: King's Indian: Classical: 6 Be2 e5 7 0-0: Various Black 7th moves} 13. Nd2 Nh6 {LiveBook: 3 Games} 14. Bd3 $146 ({Predecessor:} 14. Rb1 Bd7 15. b4 b6 16. h3 Rfc8 17. Bd3 Nf7 18. Re1 Bh6 19. Nf1 Bg5 20. Bg3 Bf4 21. Ne2 Bxg3 22. Nexg3 Nc7 23. Ne3 Qe8 24. Qd2 {½-½ (24) Kosic,D (2478)-Damljanovic,B (2568) Neum 2014}) 14... Nf7 {White is better.} 15. Qc2 Bh6 16. Rae1 Nc7 17. f3 Ne8 18. Kh1 Ng7 19. Bf2 f5 20. exf5 gxf5 21. g3 Qf6 22. Bg1 Bd7 23. g4 (23. Rb1 $14) 23... Bf4 24. gxf5 ({White should try} 24. Ne2 $11) 24... Nxf5 (24... Qh6 $1 $15 25. f6 Bxd2 26. fxg7 Kxg7) 25. Nde4 $2 (25. Ne2 $11) 25... Qh6 $17 26. Re2 $2 (26. b4 $17 {keeps fighting.} cxb4 27. axb4) 26... Kh8 $19 27. Nb5 Ng5 {[#] aiming for ...Nxe4.} 28. Rg2 {intending Nxg5.} Nxe4 29. Bxe4 Ng3+ 30. Rxg3 Bxb5 $2 ({Better is} 30... Bxg3 $19 31. Nxd6 Bf4) 31. Be3 $1 $15 {[%cal Re3f4]} Bxe3 32. cxb5 Rg8 33. Rg4 Qh3 34. Qg2 Qxg2+ 35. Kxg2 h5 36. Rg3 {The position is equal.} Bf4 37. Rxg8+ Rxg8+ 38. Kh3 Kg7 {Precision: White = 27%, Black = 47%.} 1/2-1/2